[Event "Olympiad Women 2024"]
[Site "Budapest HUN"]
[Date "2024.09.15"]
[Round "5.69"]
[Board "2"]
[White "Kouassi Edichy Berenice"]
[Black "Fawaz, Nadia"]
[Result "1/2-1/2"]
[WhiteElo "1528"]
[BlackElo "1747"]
[PlyCount "107"]
[EventDate "2024.09.11"]
[WhiteTeam "Cote d’Ivoire"]
[BlackTeam "Lebanon"]
[BlackTeamCountry "LBN"]

1. d4 d5 2. Nf3 Nf6 3. g3 e6 4. Bg2 Bd6 5. O-O O-O 6. c4 c6 7. Nc3 Nbd7 8. Nd2 b6 9. e4 dxe4 10. Ndxe4 Nxe4 11. Nxe4 Bc7 12. Nc3 $146 ({RR} 12. d5 cxd5 13. cxd5 exd5 14. Qxd5 Ba6 15. Bg5 Qe8 16. Rfe1 Ne5 17. f4 Bc4 18. Qd4 Qd7 19. Qxd7 Nxd7 20. Nd2 Be6 21. Rec1 Bd6 22. Bxa8 Rxa8 23. Ne4 Bf8 24. Rc7 f6 25. Bh4 h6 26. Rd1 Nc5 {1-0 Orlowski,J (2174)-Kaplunov,V (1946) Oberliga Wuerttemberg 1011 2010 (6)}) ({RR} 12. Bg5 Qe8 13. c5 bxc5 14. dxc5 h6 15. Be3 Ba6 16. Re1 Ba5 17. Bd2 Bxd2 18. Qxd2 Rd8 19. Qa5 Nb8 20. Nd6 Qe7 21. b4 Rd7 22. a4 Rfd8 23. b5 cxb5 24. axb5 Bc8 25. b6 axb6 26. Qxb6 Ba6 {1-0 Svane,R (2613)-Weidenhoefer,M (1897) GER-ch Net blitz qual1 2020 (2)}) 12... Bb7 13. Nb5 cxb5 14. Bxb7 Rb8 15. Bg2 bxc4 16. a4 a6 17. Be3 Nf6 18. Qe2 b5 19. axb5 axb5 20. Ra3 Nd5 21. Bd2 Qf6 22. Rd1 Bd6 23. Ra6 Rb6 24. Ra7 h6 25. Qf3 Qxf3 26. Bxf3 Nf6 27. Rda1 Rfb8 28. R1a6 b4 29. Rxb6 Rxb6 30. Rb7 Rxb7 31. Bxb7 Nd5 32. Ba6 c3 33. bxc3 bxc3 34. Bc1 c2 35. Kf1 Nc3 36. Ke1 Bb4 37. Kd2 Na2+ 38. Kxc2 Nxc1 39. Kxc1 Bc3 40. f3 Bxd4 41. Kc2 Bg1 42. h3 Kf8 43. g4 Ke7 44. Kd3 Kf6 45. Ke4 Kg5 46. f4+ Kh4 47. Bf1 Bh2 48. f5 e5 49. Bg2 h5 50. Kf3 g6 51. fxg6 fxg6 52. gxh5 Kxh5 53. Ke4 Kh4 54. Kf3 1/2-1/2

[Event "Olympiad Women 2024"]
[Site "Budapest HUN"]
[Date "2024.09.15"]
[Round "5.69"]
[Board "3"]
[White "Al Asmar, Remy"]
[Black "Gba, Zotta Marcelle Aurore Regine"]
[Result "1-0"]
[WhiteElo "1661"]
[BlackElo "1427"]
[PlyCount "111"]
[EventDate "2024.09.11"]
[WhiteTeam "Lebanon"]
[BlackTeam "Cote d’Ivoire"]
[WhiteTeamCountry "LBN"]

1. Nf3 e6 2. c4 d5 3. e3 Bd6 ({RR} 3... g6 4. d4 Bg7 5. Nc3 Nc6 6. Be2 Nge7 7. cxd5 exd5 8. O-O O-O 9. b3 Nf5 10. Ba3 Nce7 11. Ne1 c6 12. Nd3 Re8 13. Re1 Nd6 14. Rc1 Nef5 15. Bf1 a6 16. Bb2 Nb5 17. Na4 Nfd6 18. Nac5 {½-½ Prizant,J (2516)-Grachev,B (2657) RUS-ch Higher League 68th 2015 (3)}) 4. b3 ({RR} 4. Nc3 c6 5. Be2 f5 6. O-O Nf6 7. b3 O-O 8. Bb2 Nbd7 9. h3 b6 10. Rc1 Bb7 11. d4 Ne4 12. Nxe4 fxe4 13. Ne5 Bxe5 14. dxe5 Qh4 15. Bg4 Qe7 16. b4 Rad8 17. b5 Nc5 18. cxd5 Rxd5 {1-0 Sihite,C (2252)-Kane,H (2596) Titled Tuesday intern op 12th May blitz 2020 (4)}) 4... Ne7 5. Qc2 $146 ({RR} 5. Bb2 O-O 6. Qc2 Ng6 7. h4 f5 8. h5 Nh8 9. h6 gxh6 10. Qc3 e5 11. Nxe5 Qf6 12. Ng4 Qxc3 13. Nxh6+ Kg7 14. Bxc3+ Kg6 15. g4 Nc6 16. gxf5+ Bxf5 17. Nxf5 Kxf5 18. Bd3+ Ke6 19. cxd5+ Kxd5 {1-0 Stiller,J (2159)-Rehak,M (2100) Landesliga Nord 0910 2009 (3.3)}) 5... b6 6. Bb2 f6 7. Bd3 Nf5 8. cxd5 g6 9. dxe6 Bxe6 10. Be4 c6 11. g4 Ng7 12. Bxc6+ Nxc6 13. Qxc6+ Kf7 14. g5 Rc8 15. Qe4 Bf5 16. Qd5+ Be6 17. Qd4 Ne8 18. gxf6 Nxf6 19. Ng5+ Ke8 20. Nxe6 Qe7 21. Ng5 Be5 22. Qa4+ Kf8 23. Ba3 Bd6 24. Bxd6 Qxd6 25. Qa3 Ne8 26. Qxd6+ Nxd6 27. Nc3 Rc5 28. Ne6+ Kf7 29. Nxc5 bxc5 30. Rc1 Rc8 31. Na4 c4 32. bxc4 Nxc4 33. d3 Nd6 34. Rxc8 Nxc8 35. Kd2 Kf6 36. Rc1 Ne7 37. Rc7 a6 38. Rxe7 Kxe7 39. Nc5 a5 40. d4 Kd6 41. e4 h6 42. e5+ Kd5 43. e6 Kd6 44. d5 Ke7 45. Ke3 Kd6 46. Nb7+ Ke7 47. Kd4 Kf6 48. e7 Kxe7 49. Ke5 g5 50. d6+ Ke8 51. Ke6 Kf8 52. d7 Kg7 53. Kf5 Kf7 54. d8=Q Kg7 55. Qe7+ Kg8 56. Kg6 1-0

[Event "Olympiad Women 2024"]
[Site "Budapest HUN"]
[Date "2024.09.15"]
[Round "5.70"]
[Board "1"]
[White "Boitumelo Sethabathaba"]
[Black "Magne Kouokam Sylviane"]
[Result "1-0"]
[WhiteElo "1571"]
[BlackElo "1587"]
[PlyCount "169"]
[EventDate "2024.09.11"]
[WhiteTeam "Lesotho"]
[BlackTeam "Cameroon"]
[WhiteTeamCountry "LES"]
[BlackTeamCountry "CAM"]

1. d4 {Edouard,Romain} d5 2. c4 e6 3. Nc3 Nf6 4. cxd5 exd5 5. Bg5 c6 6. e3 Bf5 7. Qb3 ({RR} 7. Qf3 Bg6 8. Bxf6 Qxf6 9. Qxf6 gxf6) 7... b6 ({RR} 7... Qb6 8. Bxf6 gxf6 9. Kd2 Nd7 ({RR} 9... Bb4 10. Bd3 Bg6 11. Nge2) ({RR} 9... Qc7 10. Rc1 Qd7 11. Nf3) 10. Bd3 Bg6 ({RR} 10... Qxb3 11. axb3 Be6 12. Nge2) 11. Nf3 Qxb3 12. axb3 Nb6 13. Nh4 Kd7 14. f4 ({RR} 14. g4 Nc8) 14... Bxd3 ({RR} 14... Rg8 15. f5 Bh5 16. h3 Rg3) 15. Kxd3 Bb4 16. Rhe1 Nc8 17. e4 dxe4+ 18. Rxe4 Nd6 19. Re2 a5 20. Ne4 Nxe4 21. Rxe4 Rae8 ({RR} 21... Ra6) 22. Rxe8 {½-½ Vachier Lagrave,M (2778)-Anand,V (2753) Nations Cup Online Prelim rapid 2020 (8.1)}) 8. Nf3 ({RR} 8. Rc1 Be7 9. Nf3 O-O 10. Ne5 h6 11. Bf4 Bd6 12. Be2 Qe7 13. O-O) 8... Be7 ({RR} 8... Bd6 9. Be2 O-O 10. O-O h6 11. Bh4 Nbd7 12. Ba6 Rb8 13. a4 Qe8 14. Bg3 Qe6 15. Rac1 Bxg3 16. hxg3 g5 17. Rfd1 Qd6 18. Na2 c5 19. Qa3 Qe6 20. Nc3 Rfd8 21. Qa2 Be4 22. Bb5 Rbc8 23. Nxe4 {1-0 Trybus,D (2058)-Myrmus,M (2043) Ustron Open A 2024 (4.4)}) 9. Bf4 $146 ({RR} 9. Ne5 Nfd7 10. Bxe7 Qxe7 11. Bd3 Nxe5 12. Bxf5 Nc4 13. Nd1 O-O 14. Qc3 c5 15. O-O Qf6 16. Bd3 cxd4 17. exd4 Nc6 18. Bxc4 dxc4 19. d5 Qxc3 20. Nxc3 Nb4 21. Rad1 Rad8 22. Rfe1 Rfe8 23. Rxe8+ Rxe8 {0-1 Hochman,J (1713)-Kabat,J (1853) CZE-chT3A Middle 0506   2005 (6.5)}) ({RR} 9. Be2 O-O 10. O-O Nbd7 11. Rac1 Re8 12. Na4 b5 13. Bxf6 Nxf6 14. Nc5 Nd7 15. Nxd7 Qxd7 16. Ne5 Qb7 17. Nxc6 a6 18. Nxe7+ Rxe7 19. Bf3 Rd7 20. Rc5 Be6 21. Rfc1 Rdd8 22. a4 Rdc8 23. Bxd5 Bxd5 {0-1 Parker,T (1556)-Xue,O (971) Doeberl Cup Minor 48th 2010 (3)}) 9... O-O 10. Be2 c5 11. dxc5 bxc5 12. Qb7 Nbd7 13. Nxd5 Nxd5 14. Qxd5 Be6 15. Qd2 Qb6 16. O-O Bf6 17. Ng5 Rad8 18. Qc2 g6 19. Nxe6 fxe6 20. Rab1 e5 21. Bc4+ Kg7 22. Bg3 h5 23. f3 Nb8 24. b3 Rd6 25. Rbd1 Rfd8 26. Rd3 Nc6 27. Rxd6 Rxd6 28. Rd1 Nb4 29. Rxd6 Qxd6 30. Qe2 h4 31. Be1 g5 32. a3 Nc6 33. Qc2 Qd7 34. Bb5 Qd5 35. Bxc6 Qxc6 36. Qc4 Qd6 37. Qc2 Qb6 38. Kf2 Qe6 39. Qd3 g4 40. Qe4 gxf3 41. Kxf3 Qxb3 42. Qg4+ Kf7 43. Qh5+ Kg7 44. Qg4+ Kf7 45. Qd7+ Kg6 46. Qd6 Kf5 47. Qxc5 Bg5 48. Qc8+ Kg6 49. Qe8+ Kh7 50. Qh5+ Bh6 51. Qf5+ Kg8 52. Qg6+ Bg7 53. Bxh4 Qd1+ 54. Kg3 Qe1+ 55. Kh3 Qxe3+ 56. Qg3 Qh6 57. Qb3+ Kh7 58. Qf7 Qe3+ 59. Qf3 Qh6 60. Qf5+ Kh8 61. Qg5 Qe6+ 62. Qg4 Qb3+ 63. Qf3 Qe6+ 64. g4 e4 65. Qe3 a6 66. Be1 Bh6 67. Qd4+ Kh7 68. Bc3 e3 69. Qh8+ Kg6 70. Qe5 Qxe5 71. Bxe5 e2 72. Bc3 Be3 73. Kg3 Kg5 74. h4+ Kh6 75. Kf3 Bc5 76. a4 Be7 77. Be1 Bf6 78. Kxe2 Kg6 79. Kf3 Bb2 80. Ke4 Bf6 81. Kd5 Bd8 82. Kc6 a5 83. Kb5 Kh6 84. g5+ Kh5 85. Bxa5 1-0

[Event "Olympiad Women 2024"]
[Site "Budapest HUN"]
[Date "2024.09.15"]
[Round "5.70"]
[Board "2"]
[White "Danwe Maissiri Carole"]
[Black "Ntsielo, Bonolo"]
[Result "0-1"]
[WhiteElo "1456"]
[BlackElo "1757"]
[PlyCount "94"]
[EventDate "2024.09.11"]
[WhiteTeam "Cameroon"]
[BlackTeam "Lesotho"]
[WhiteTeamCountry "CAM"]
[BlackTeamCountry "LES"]

1. e4 e6 2. d4 d5 3. e5 c5 4. c3 Qb6 5. Nf3 Nc6 6. Be2 Bd7 7. O-O Nge7 8. Qc2 cxd4 9. cxd4 Nxd4 10. Nxd4 Qxd4 11. Qc3 Nc6 $146 ({RR} 11... Qxc3 12. Nxc3 Nc6 13. f4 Nd4 14. Bd3 Bc5 15. Kh1 b6 16. Re1 O-O 17. Be3 Nc6 18. Bxc5 bxc5 19. Rf1 Nd4 20. a4 Rab8 21. Ra2 Rb7 22. f5 Rfb8 23. fxe6 fxe6 24. Rf2 Nb3 25. Bb5 Nd4 26. Bxd7 {0-1 Santos,P (1147)-Macedo,C (1243) POR-ch U14 Luso 2017 (5)}) 12. Qxd4 Nxd4 13. Bd3 Nc6 14. Re1 Bc5 15. Nc3 a6 16. Be3 d4 17. Ne4 Bb4 18. Bd2 Bxd2 19. Nxd2 Nb4 20. Be4 Bc6 21. a3 Bxe4 22. Rxe4 Nc6 23. Nb3 Rd8 24. Rd1 O-O 25. Nxd4 Rd5 26. f4 Rfd8 27. g3 Rxd4 28. Rdxd4 Rxd4 29. Re3 Rd1+ 30. Kf2 Rd2+ 31. Re2 Rxe2+ 32. Kxe2 Kf8 33. Kd3 Ke8 34. Kc4 Kd7 35. b4 b5+ 36. Kc5 Kc7 37. h3 Ne7 38. g4 Ng6 39. f5 exf5 40. gxf5 Nxe5 41. Kd5 Nc4 42. h4 Nxa3 43. Ke5 Nc2 44. f6 g6 45. Kf4 h6 46. Kg4 Nxb4 47. h5 g5 0-1

[Event "Olympiad Women 2024"]
[Site "Budapest HUN"]
[Date "2024.09.15"]
[Round "5.70"]
[Board "3"]
[White "lintle molise"]
[Black "Tchouateu Tankeu Stephanie"]
[Result "1-0"]
[WhiteElo "1583"]
[BlackElo "1565"]
[PlyCount "129"]
[EventDate "2024.09.11"]
[WhiteTeam "Lesotho"]
[BlackTeam "Cameroon"]
[WhiteTeamCountry "LES"]
[BlackTeamCountry "CAM"]

1. Nf3 d5 2. d4 Nf6 3. e3 e6 4. Bd3 Bd6 5. Nbd2 Nc6 ({RR} 5... c6 6. O-O O-O 7. e4 dxe4 8. Nxe4 Nxe4 9. Bxe4 f5 10. Bd3 Nd7 11. Re1 Nf6 12. Bg5 h6 13. Bxf6 Qxf6 14. Bc4 Kh8 15. c3 Re8 16. Ne5 Bxe5 17. Rxe5 Bd7 18. Qe2 Re7 19. Re1 Rae8 20. Qe3 {1-0 Renet,O (2490)-Mayer,S (2220) SUI-chT Switzerland 1998 (8.1)}) 6. a3 ({RR} 6. Qe2 Bd7 7. O-O O-O 8. e4 dxe4 9. Nxe4 Nxe4 10. Qxe4 f5 11. Qe2 Qf6 12. Bg5 Qf7 13. c3 Qh5 14. h3 e5 15. dxe5 Nxe5 16. Nxe5 Qxe2 17. Bxe2 Bxe5 18. Bc4+ Kh8 19. Rad1 Bc6 20. Rfe1 Bf6 {1-0 Ayala Sanabria,E (1162)-Cubas,J I CIT Open 2023 (3.50)}) 6... a6 $146 ({RR} 6... O-O 7. O-O e5 8. dxe5 Nxe5 9. Nxe5 Bxe5 10. Nf3 Bd6 11. b3 Bg4 12. Bb2 c6 13. h3 Be6 14. Ne5 Qc7 15. f4 Ne8 16. Rf3 f6 17. Ng4 a6 18. Rg3 Kh8 19. Nh2 Bf7 20. Qe2 Be6 21. Qh5 {0-1 Behrensen Senfft,J (1475)-Sagitow,K (1412) Pinneberg op Seniors 14th 2013 (3)}) ({RR} 6... Bd7 7. b3 O-O 8. Bb2 Re8 9. Ne5 Qe7 10. O-O b6 11. f4 a5 12. c4 Qd8 13. Rc1 Qb8 14. c5 Bxe5 15. fxe5 Ng4 16. Qxg4 b5 17. Rf3 a4 18. Rcf1 Re7 19. b4 Kf8 20. Bxh7 Ke8 21. Qxg7 {1-0 Vaccari,L (1344)-Fassa,S (999) Emilia Romagna tt op 2022 (5)}) 7. b3 O-O 8. Bb2 Re8 9. O-O e5 10. dxe5 Bxe5 11. Nxe5 Nxe5 12. Be2 Nc6 13. Nf3 Be6 14. Re1 h6 15. Nd4 Nxd4 16. Qxd4 c6 17. Bd3 Qe7 18. b4 Rad8 19. Rad1 Bg4 20. f3 Bh5 21. Qh4 Bg6 22. Bxg6 fxg6 23. Bxf6 Qxf6 24. Qxf6 gxf6 25. Kf2 Kg7 26. h4 h5 27. g4 Kh6 28. gxh5 Kxh5 29. Rg1 Rd6 30. c4 Red8 31. c5 R6d7 32. Rd4 Ra8 33. Rdg4 Rg7 34. f4 f5 35. Rg5+ Kh6 36. h5 Rag8 37. Rh1 Re7 38. hxg6+ Kg7 39. Rh7+ Kf6 40. Rxf5+ Kxf5 41. Rxe7 Rxg6 42. Rxb7 Ke4 43. Rb6 Rh6 44. Rxa6 Rh2+ 45. Kg3 Re2 46. Ra8 Rxe3+ 47. Kf2 Kxf4 48. Rf8+ Ke4 49. Re8+ Kd4 50. Rxe3 Kc4 51. Ke2 d4 52. Rd3 Kb5 53. Rxd4 Ka4 54. Rd6 Kxa3 55. Rxc6 Kxb4 56. Kd3 Kb5 57. Rc8 Kb4 58. Kd4 Kb3 59. Rb8+ Kc2 60. c6 Kd2 61. c7 Ke2 62. Rb3 Kd2 63. Rb2+ Kc1 64. Rh2 Kb1 65. Kc3 1-0

[Event "Olympiad Women 2024"]
[Site "Budapest HUN"]
[Date "2024.09.15"]
[Round "5.71"]
[Board "1"]
[White "Gertrude Banini"]
[Black "Nihaya, Ahmed"]
[Result "1/2-1/2"]
[WhiteElo "1712"]
[BlackElo "1589"]
[PlyCount "75"]
[EventDate "2024.09.11"]
[WhiteTeam "Ghana"]
[BlackTeam "Maldives"]
[WhiteTeamCountry "GHA"]
[BlackTeamCountry "MDV"]

1. d4 d5 2. Bf4 Nf6 3. e3 c5 4. dxc5 Nc6 5. Bb5 Bf5 ({RR} 5... g6 6. Nf3 Bg7 7. Nc3 O-O 8. O-O Bg4 9. Bxc6 bxc6 10. Be5 Bxf3 11. Qxf3 Qa5 12. e4 Qxc5 13. exd5 Nxd5 14. Bxg7 Kxg7 15. Nxd5 cxd5 16. c3 Rab8 17. Qe2 e6 18. Rad1 Qb5 19. Qe5+ Kg8 20. Rd2 {½-½ Naroditsky,D (2646)-Andreikin,D (2736) Titled Tuesday intern op 1st Nov 10am blitz 2016 (6)}) ({RR} 5... e6 6. b4 a5 7. c3 Bd7 8. Qb3 Nh5 9. Ne2 g5 10. Bg3 axb4 11. cxb4 Bg7 12. Nbc3 Nxg3 13. hxg3 Ne5 14. O-O h5 15. e4 h4 16. exd5 hxg3 17. Nxg3 O-O 18. Bxd7 Qxd7 19. Rad1 f5 20. dxe6 {1-0 Pozzari,S (2048)-Kocharin,T (2234) Titled Tue 3rd Sep Early 2024 (5)}) 6. c3 $146 ({RR} 6. Nf3 e6 7. Nd4 Rc8 8. b4 Bg6 9. Nxc6 bxc6 10. Ba6 Rb8 11. Bxb8 Qxb8 12. c3 Be7 13. O-O O-O 14. Nd2 Qe5 15. Rc1 Bd8 16. Nf3 Qh5 17. Nd4 Qh6 18. Nxc6 Bc7 19. f4 Bh5 20. Be2 Bxe2 {1-0 Tristan,L (2535)-Suvorov,L (2292) Titled Tuesday intern op 31st Aug blitz 2021 (6)}) ({RR} 6. b4 e6 7. Nf3 Nd7 8. Bxc6 bxc6 9. c3 Qf6 10. O-O a5 11. Qa4 Ra6 12. Rc1 Bd3 13. Qd1 Bb5 14. Na3 a4 15. Nxb5 cxb5 16. Qe2 e5 17. Nxe5 Nxe5 18. Bxe5 Qc6 19. Re1 f6 20. Bd4 Be7 {1-0 Saurabh,K (2272)-Arora,H (1646) Udaipur Lakecity op 3rd 2019 (3)}) 6... a6 7. Bxc6+ bxc6 8. b4 e6 9. Nf3 Bg4 10. Qa4 Bxf3 11. Qxc6+ Nd7 12. gxf3 Be7 13. Qc7 O-O 14. Qxd8 Rfxd8 15. Nd2 e5 16. Bg3 Bf6 17. Rc1 g6 18. O-O h5 19. h3 Bg7 20. Rfd1 Nf8 21. Nb3 Ne6 22. Rd2 d4 23. cxd4 exd4 24. exd4 Bh6 25. f4 Nxf4 26. Bxf4 Bxf4 27. Rcd1 Bxd2 28. Rxd2 Rd5 29. f3 Kf8 30. Re2 Re8 31. Rc2 Ke7 32. Kf2 Kd7 33. a4 Rb8 34. Rc4 Kc7 35. Nd2 Rbd8 36. Nb3 Rb8 37. Nd2 Rbd8 38. Nb3 1/2-1/2

[Event "Olympiad Women 2024"]
[Site "Budapest HUN"]
[Date "2024.09.15"]
[Round "5.71"]
[Board "3"]
[White "Dotse Dzidzor Esi"]
[Black "Aishath Iva Hassan"]
[Result "0-1"]
[WhiteElo "1530"]
[BlackElo "1422"]
[PlyCount "60"]
[EventDate "2024.09.11"]
[WhiteTeam "Ghana"]
[BlackTeam "Maldives"]
[WhiteTeamCountry "GHA"]
[BlackTeamCountry "MDV"]

1. d4 d5 2. c4 e6 3. Nc3 Nf6 4. Nf3 Bb4 5. Bg5 O-O 6. e3 Bxc3+ ({RR} 6... Be7 7. Rc1 h6 8. Bh4 b6 9. cxd5 exd5 10. Bd3 Bb7 11. O-O c5 12. Ne5 Nc6 13. f4 cxd4 14. Nxc6 Bxc6 15. Ne2 Bd7 16. Nxd4 Ng4 17. Bxe7 Qxe7 18. Qf3 Qxe3+ 19. Qxe3 Nxe3 20. Rfe1 Nc4 21. Bxc4 {½-½ Xiong,J (2686)-Yoo,C (2495) Titled Tuesday intern op 07th Dec blitz 2021 (10)}) ({RR} 6... dxc4 7. Bxc4 Nbd7 8. O-O h6 9. Bxf6 Nxf6 10. a3 Bxc3 11. bxc3 a6 12. a4 b6 13. Ne5 Bb7 14. Be2 c5 15. Bf3 Bxf3 16. Qxf3 Qd5 17. Qxd5 exd5 18. Rab1 Rab8 19. Nc6 Rb7 20. dxc5 Rc7 21. Rxb6 {0-1 Khegay,Y (1798)-Mizzi,J (2043) Titled Tue 9th Jan Early 2024 (11)}) 7. bxc3 h6 8. Bh4 c5 $146 ({RR} 8... c6 9. Bd3 Nbd7 10. O-O Qa5 11. Qc2 Ne4 12. Bxe4 dxe4 13. Nd2 f5 14. f3 exf3 15. Rxf3 Nb6 16. Raf1 Qa6 17. c5 Nd5 18. e4 Nc7 19. exf5 exf5 20. Ne4 Nd5 21. Nd6 Bd7 22. c4 Nb4 23. Qb3 {1-0 Rodriguez,A (1620)-Vekemans,S (1750) FRA-ch U12 Aix les Bains 2009 (2)}) ({RR} 8... Nc6 9. Bd3 Re8 10. O-O e5 11. Nxe5 Nxe5 12. dxe5 Rxe5 13. Bxf6 Qxf6 14. cxd5 Bf5 15. Bxf5 Rxf5 16. c4 Rd8 17. Qb3 b6 18. Rad1 c6 19. a4 cxd5 20. Rxd5 Rdxd5 21. cxd5 Qd6 22. Rd1 Rh5 23. g3 {½-½ Niemier,M (1231)-Frackowiak,L (1037) Poznan op 27th 2019 (7)}) 9. cxd5 exd5 10. Be2 Nbd7 11. O-O c4 12. Ne5 Qa5 13. Nxd7 Nxd7 14. Be7 Re8 15. Bb4 Qc7 16. Qa4 Nf6 17. Bf3 Bd7 18. Qc2 a5 19. Ba3 b5 20. Bc5 Ne4 21. Bxe4 Rxe4 22. Rfe1 Rb8 23. a3 Rbe8 24. h3 R8e6 25. Re2 Rg6 26. Kh1 Rh4 27. f4 Qc8 28. Rf1 Bxh3 29. gxh3 Qxh3+ 30. Rh2 Qxf1# 0-1

[Event "Olympiad Women 2024"]
[Site "Budapest HUN"]
[Date "2024.09.15"]
[Round "5.71"]
[Board "4"]
[White "Fathmath Zoya Hassan Saeed"]
[Black "Hephzibah Awura-Ama Manubea Tandoh"]
[Result "0-1"]
[WhiteElo "1406"]
[BlackElo "1516"]
[PlyCount "118"]
[EventDate "2024.09.11"]
[WhiteTeam "Maldives"]
[BlackTeam "Ghana"]
[WhiteTeamCountry "MDV"]
[BlackTeamCountry "GHA"]

1. e4 e6 2. d4 d5 3. e5 c5 4. c3 Nc6 5. Nf3 Qb6 6. Bd3 Nge7 7. a3 ({RR} 7. dxc5 Qxc5 8. Be3 Qa5 9. Nbd2 Ng6 10. Bxg6 hxg6 11. Nb3 Qc7 12. Bf4 f6 13. Qe2 g5 14. Bg3 g4 15. Nfd4 Nxe5 16. O-O-O Bd7 17. f4 gxf3 18. gxf3 O-O-O 19. f4 Nc4 20. Nxe6 Bxe6 21. Qxe6+ Qd7 {½-½ Firouzja,A (2737)-Nakamura,H (2794) Bullet Chess Winners 2024 (5.26)}) 7... Ng6 $146 ({RR} 7... Bd7 8. Bc2 Ng6 9. b4 c4 10. Ng5 Nd8 11. a4 Be7 12. h4 Nf8 13. Qh5 h6 14. Nh3 Nc6 15. Qg4 g6 16. a5 Qc7 17. Na3 Nxe5 18. Qg3 Bd6 19. dxe5 Bxe5 20. Bf4 Bxf4 21. Qxf4 e5 22. Qf6 {1-0 Aras,B (1850)-Hocher,E (1761) FRA-chT3 Gr06 0607 2006 (4.6)}) ({RR} 7... Bd7 8. O-O cxd4 9. Bc2 dxc3 10. Nxc3 Ng6 11. Re1 Be7 12. b4 a5 13. b5 Na7 14. Be3 Qd8 15. Bd3 b6 16. Na4 Bc5 17. Bxc5 bxc5 18. b6 c4 19. Bxc4 dxc4 20. bxa7 Rxa7 21. Qd4 Qc7 22. Nc5 {1-0 Cabezas Calero,A (1824)-Hussin,F (1700) Olympiad Women 2024 (2.47)}) ({RR} 7... a5 8. O-O a4 9. Bc2 Qa7 10. Be3 c4 11. Nbd2 h6 12. Nxc4 dxc4 13. d5 Qa5 14. dxc6 Nxc6 15. Qe2 b5 16. Rad1 Be7 17. Be4 Qc7 18. h3 Bb7 19. Bf4 Bc5 20. g4 Rc8 21. Kh2 Na5 22. g5 {1-0 Kobzev,D (2098)-Kosilov,R RUS-Cup sf 09 2005 (1)}) 8. O-O Bd7 9. dxc5 Bxc5 10. b4 Be7 11. Re1 a6 12. Nbd2 O-O 13. Nb3 Qc7 14. Qe2 Rac8 15. Bd2 Be8 16. Rac1 f6 17. Nbd4 Bf7 18. exf6 Bxf6 19. Nxe6 Bxe6 20. Qxe6+ Qf7 21. Bf5 Rce8 22. Qxf7+ Kxf7 23. Bc2 Kg8 24. Kf1 Nge5 25. Nxe5 Nxe5 26. Bb3 Rd8 27. Rc2 Nc4 28. Bc1 Ne5 29. Rd1 Nc4 30. Rxd5 b5 31. Rcd2 Nxd2+ 32. Rxd2+ Kh8 33. Rxd8 Rxd8 34. Ke2 Bxc3 35. f3 a5 36. bxa5 Bxa5 37. h4 Bc3 38. g4 h6 39. h5 Bf6 40. Bd2 Bg5 41. Bxg5 hxg5 42. a4 b4 43. Ke3 Kh7 44. Ke2 Rc8 45. Kd2 Rc3 46. Bd1 Kh6 47. Bc2 Rxf3 48. Bd1 Rg3 49. Kc2 g6 50. hxg6 Kxg6 51. Kb2 Kf6 52. Kc2 Ke5 53. Kb2 Kd4 54. Kc2 Ra3 55. Kb2 Ke3 56. Kc1 Kd3 57. Kb2 Kd4 58. Kb1 Kc3 59. Bc2 b3 0-1

[Event "Olympiad Women 2024"]
[Site "Budapest HUN"]
[Date "2024.09.15"]
[Round "5.72"]
[Board "2"]
[White "Wahid, Chelsea"]
[Black "Gemota, Joan"]
[Result "1-0"]
[WhiteElo "1482"]
[BlackElo "1567"]
[PlyCount "44"]
[EventDate "2024.09.11"]
[WhiteTeam "Saint Lucia"]
[BlackTeam "Palau"]
[BlackTeamCountry "PAL"]

1. d4 d6 2. c4 g6 3. e4 Bg7 4. Be2 Nf6 5. Nc3 O-O 6. Nf3 b6 7. O-O Bb7 8. Qc2 c5 9. d5 Nbd7 ({RR} 9... Na6 10. Bf4 Nb4 11. Qd2 Re8 12. Rad1 e5 13. dxe6 Rxe6 14. e5 Nh5 15. Be3 Bxe5 16. Nxe5 Rxe5 17. a3 Nc6 18. Qxd6 Qxd6 19. Rxd6 Rae8 20. Bf3 Na5 21. Bxb7 Nxb7 22. Rd7 Na5 23. Nd5 Nxc4 24. g4 {½-½ Ter Sahakyan,S (2640)-Bortnyk,O (2608) Titled Tue 13th Feb Early 2024 (7)}) 10. Bf4 e6 $146 ({RR} 10... h6 11. h3 Ne8 12. Rad1 a6 13. a4 Qc7 14. Qd2 Kh7 15. Bg3 Rd8 16. Ne1 Nb8 17. f4 Bd4+ 18. Kh2 e5 19. Nf3 Nf6 20. fxe5 Bxc3 21. exd6 Qd7 22. Qc2 Ba5 23. Ne5 Qxd6 24. Nxg6 Qxg3+ 25. Kxg3 {1-0 Pelletier,Y (2531)-San Pedro,P Mislata op 10th 2001 (1.1)}) ({RR} 10... Nh5 11. Be3 a6 12. Rad1 b5 13. cxb5 axb5 14. Bxb5 Ba6 15. a4 Nhf6 16. Rfe1 Ng4 17. Bf4 Bxb5 18. Nxb5 Qa5 19. b3 Rfc8 20. Na3 Qc3 21. Qxc3 Bxc3 22. Re2 Rcb8 23. Nb5 Bf6 24. Rc1 Kg7 25. h3 {1-0 Nakamura,H (2736)-Aronian,L (2782) Meltwater Tour Final rapid 2021 (3.4)}) ({RR} 10... Qc7 11. h3 a6 12. Rad1 Ne5 13. Nd2 Ne8 14. Be3 Nd7 15. f4 Bd4 16. Qd3 e5 17. dxe6 Bxe3+ 18. Qxe3 fxe6 19. Nf3 Rd8 20. Ng5 Ng7 21. Qg3 Nf6 22. Qh4 h5 23. Bd3 Qe7 24. Qg3 e5 25. Nf3 {1-0 Prudnikova,S (2412)-Machalova,M (2187) EU-chT (Women) 5th 2003 (1)}) 11. Bxd6 Re8 12. Nb5 exd5 13. Nc7 dxe4 14. Ne1 Re6 15. Nxe6 fxe6 16. f3 e3 17. Rd1 Ne8 18. b3 Bd4 19. Bf4 e5 20. Bg3 Nef6 21. Bh4 Qc7 22. Nd3 Re8 1-0

[Event "Olympiad Women 2024"]
[Site "Budapest HUN"]
[Date "2024.09.15"]
[Round "5.72"]
[Board "4"]
[White "Richards, TrisAnn"]
[Black "Parrado, Angelica"]
[Result "1-0"]
[WhiteElo "1653"]
[BlackElo "1741"]
[PlyCount "125"]
[EventDate "2024.09.11"]
[WhiteTeam "Saint Lucia"]
[BlackTeam "Palau"]
[BlackTeamCountry "PAL"]

1. c4 e5 2. Nc3 Nc6 3. Nf3 Nf6 4. e3 a6 5. Be2 ({RR} 5. Bd3 g6 6. Bc2 Bg7 7. d4 exd4 8. exd4 O-O 9. O-O d5 10. cxd5 Nxd5 11. Bb3 Nb6 12. Bg5 Bf6 13. Bxf6 Qxf6 14. Ne4 Qf4 15. Qe2 Bg4 16. Qe3 Qxe3 17. fxe3 Kg7 18. Nc5 Rab8 19. Ng5 Nd8 {1-0 Sarana,A (2685)-Gharibyan,M (2500) Titled Tue 23rd May Early 2023 (11)}) ({RR} 5. a3 d5 6. d4 exd4 7. Nxd4 Ne5 8. cxd5 Nxd5 9. Qc2 Nxc3 10. Qxc3 Bd6 11. b4 Qe7 12. Bb2 f6 13. Be2 O-O 14. O-O c5 15. bxc5 Bxc5 16. Rfc1 b6 17. a4 Bb7 18. a5 Rfc8 19. axb6 Kh8 {1-0 Giampa,A (2230)-Mena,A (1894) Buenos Aires Masters 2024 (1.17)}) 5... Bb4 $146 ({RR} 5... d5 6. cxd5 Nxd5 7. Qa4 Qd6 8. O-O Bd7 9. Nxd5 Qxd5 10. Bc4 Qd6 11. Qb3 Nd8 12. d4 e4 13. Nd2 Qg6 14. f3 exf3 15. Nxf3 Bd6 16. Bd2 O-O 17. Rf2 Be6 18. Raf1 Bxc4 19. Qxc4 Qe6 20. d5 {1-0 Swiderski,R-Forgacs,L DSB Kongress-14 Meisterturnier-13 1904 (7)}) ({RR} 5... Bc5 6. a3 d6 7. b4 Ba7 8. Bb2 h6 9. Qc2 Be6 10. Rd1 Qe7 11. d4 exd4 12. exd4 Bxc4 13. O-O Bxe2 14. Nxe2 O-O 15. d5 Rae8 16. Rfe1 Ng4 17. Ned4 Nce5 18. Kf1 Qd7 19. h3 Nxf3 20. Nxf3 {0-1 Geruschkat,B (1523)-Ungar,B (1699) Schleswig Holstein-ch Seniors op 2007 (4)}) 6. Qb3 O-O 7. O-O Bxc3 8. Qxc3 Qe7 9. d3 d6 10. h3 h6 11. Nd2 Be6 12. b3 Qd7 13. d4 d5 14. dxe5 Nh7 15. Bb2 Ng5 16. cxd5 Qxd5 17. Bf3 Nxf3+ 18. Nxf3 Qe4 19. Kh2 Rac8 20. Rfd1 g5 21. Qd3 Qb4 22. Ng1 Qe7 23. Qe2 Bf5 24. Qh5 Kh7 25. f4 Rg8 26. Rd2 Qe6 27. Nf3 Kg7 28. fxg5 Kf8 29. Qxh6+ Qxh6 30. gxh6 Be6 31. Nd4 Bd5 32. Nxc6 Bxc6 33. Ba3+ Ke8 34. Rf1 Bd7 35. Rf4 c5 36. Rdf2 Be6 37. Rh4 a5 38. h7 Rh8 39. e4 b6 40. Bc1 f6 41. Rxf6 Kd7 42. Rhh6 Rce8 43. Bg5 b5 44. Rf2 c4 45. Bf6 cxb3 46. axb3 Bxb3 47. Bxh8 Rxh8 48. Rb2 Bc4 49. g4 a4 50. g5 Ke7 51. Ra6 Kf7 52. g6+ Kg7 53. Kg3 Re8 54. Kf4 Kh6 55. Rg2 Bb3 56. h8=Q+ Rxh8 57. g7+ Kh7 58. gxh8=Q+ Kxh8 59. Ra7 Be6 60. Kg5 Bb3 61. Kf6 Bc4 62. e6 Bd3 63. Rd2 1-0